000 01283nam a2200265Ia 4500
999 _c3286
_d3286
003 OSt
005 20200619162018.0
008 191128s2013 ck a gr 000 j spa d
020 _a9789583027116
040 _aCO-JMCR
_cCO-JMCR
041 _aspa
082 0 4 _aH /
_bSAUh
100 1 _aSaunders, Nick,
_eautor
_95864
245 1 3 _aLa historia de… los gladiadores y el coliseo /
_cNick Saunders; traducción Lina Rojas Camargo
250 _aPrimera edición
260 _aBogotá :
_bPanamericana,
_c2013
300 _a50 páginas :
_bilustraciones a color ;
_c23 cm.
500 _aRecomendado para mayores de 15 años.
505 _aEl imperio romano -- El proyecto del coliseo -- La elección de los gladiadores -- La vida de un gladiador -- ¡Muerte de los cristianos! -- Saqueo y abandono -- Recorrido por el coliseo -- Línea de tiempo -- ¿Sabías que…?
520 _aUna fascinante alternativa para conocer hechos de la vida real y anécdotas de grandes personajes. Cada novela gráfica de esta vibrante serie presenta un completo resumen de eventos históricos y figuras clave del pasado.
534 _pThe history of… Gladiators and the colosseum
650 _aTiras cómicas
_95616
700 _aRojas Camargo, Lina,
_etraductora
_95865
942 _2ddc
_cBK